000 00696nam a2200205 i 4500
001 73762
003 ES-MaACL
005 20230906171922.0
007 t|
008 040910s1974 sp a |||| | spa d
080 _a904(460.12)
100 0 _aGómez-Tabanera, José Manuel,
_d1926-2011
_958165
245 1 3 _aLa posible significación de las lastras con cazoletas del ámbito castreño del occidente de Asturias /
_cJ.M. Gómez-Tabanera.
260 _aOviedo :
_b[s.n.,
_c1974]
300 _aP. [71]-78 :
_bil. ;
_c22 cm.
595 _aSeparata de: Valdediós, 1973-74.
650 4 _aCastros-
_zAsturias (Comunidad Autónoma)
_9144117
852 _aES-MaACL
_j2085-F-24
999 _c73762
_d73762